00545nam a2200181Ia 450000500170000000800410001708200130005810000310007124500530010226000440015530000130019965000100021265000150022265000100023794200060024795200950025399900150034820240821075922.0240331s9999 xx 000 0 und d bREAa613 aReader, F. and Savage, W 0aCoping with caesarean and other difficult births aNew DelhibFamily Books Pvt. Ltd.c1983 a102 p ., aLabor aMotherhood aWomen cL 001040708LaWERCLbWERCLcSSCd2024-03-31l0o 613 REAp1012r2024-03-31w2024-03-31yL c3009d3009